[Event "Lippstadt"]
[Site "Lippstadt"]
[Date "1997.??.??"]
[Round "3"]
[White "Schlosser, Philipp"]
[Black "McShane, Luke J"]
[Result "1/2-1/2"]
[WhiteElo "2550"]
[BlackElo "2455"]

1.Nf3 Nf6 2.c4 g6 3.g3 Bg7 4.Bg2 O-O 5.d4 d6 6.O-O Nbd7 7.Nc3 e5 8.e4 exd4
9.Nxd4 Re8 10.h3 c6 11.Re1 a5 12.b3 Qb6 13.Be3 Nc5 14.Rb1 h5 15.Qc2 Nfd7
16.Red1 Ne5 17.f4 Ned7 18.Bf2 Nf6 19.Kh1 Qc7 20.a3 Ne6 21.Nde2 Bh6 22.b4 axb4
23.axb4 h4 24.f5 gxf5 25.exf5 hxg3 26.Bxg3 Ng7 27.Bxd6 Qd7 28.Be5 Qe7 29.Bxf6 Qxf6
30.Ne4 Qh4 31.Nd6 Re3 32.Rb3 Bxf5 33.Nxf5 Nxf5 34.Rf1 Rae8 35.Qxf5 Rxe2 36.Qxf7+ Kh8
37.Qf6+ Qxf6 38.Rxf6 Bg7 39.Rf1 Re1 40.Rb1 Bc3 41.b5 Rxb1 42.Rxb1 cxb5 43.cxb5 b6
44.h4 Re1+ 45.Rxe1 Bxe1 46.h5  1/2-1/2

[Event "Lippstadt"]
[Site "Lippstadt"]
[Date "1997.??.??"]
[Round "4"]
[White "McShane, Luke J"]
[Black "Slobodjan, Roman"]
[Result "0-1"]
[WhiteElo "2455"]
[BlackElo "2550"]

1.e4 e5 2.Nf3 Nc6 3.Bb5 a6 4.Ba4 Nf6 5.Qe2 b5 6.Bb3 Bc5 7.O-O O-O 8.c3 d5
9.exd5 Nxd5 10.Nxe5 Nf4 11.Qe4 Qh4 12.d3 Nh3+ 13.gxh3 Qxe4 14.dxe4 Nxe5 15.Kg2 Bb7
16.f3 Nd3 17.Rd1 Rad8 18.Na3 Rd6 19.Kf1 Nxc1 20.Raxc1 Rh6 21.Nc2 Bd6 22.Ne3 Bf4
23.Kf2 Rxh3 24.Rh1 Bxe4 25.fxe4 Bxe3+ 26.Kg2 Bxc1 27.Kxh3 Bxb2 28.c4 c5 29.Rb1 Bd4
30.cxb5 axb5 31.Bd5 b4 32.Rf1 g6 33.Kg4 Kg7 34.Rf3 Be5 35.h4 h5+ 36.Kh3 f6
37.a3 Rc8 38.Bc4 Ra8 39.axb4 cxb4 40.Rd3 Kh6 41.Be6 Re8 42.Bf7 Rc8  0-1

[Event "Lippstadt"]
[Site "Lippstadt"]
[Date "1997.??.??"]
[Round "5"]
[White "Hansen, Sune Berg"]
[Black "McShane, Luke J"]
[Result "1-0"]
[WhiteElo "2490"]
[BlackElo "2455"]

1.e4 c5 2.Nf3 d6 3.d4 cxd4 4.Nxd4 Nf6 5.Nc3 a6 6.Be2 e5 7.Nb3 Be7 8.O-O O-O
9.Kh1 b5 10.a4 Bb7 11.Nd5 Nxd5 12.exd5 b4 13.a5 Nd7 14.c4 bxc3 15.bxc3 Rc8
16.c4 e4 17.Rb1 Ne5 18.Nd4 Rc7 19.Bf4 Bf6 20.Rb6 Qd7 21.Qb3 Rfc8 22.Qg3 Rxc4
23.Nc6 Rc2 24.Bxe5 Bxe5 25.Qb3 Bxc6 26.Qxc2 Bxd5 27.Bxa6 Ra8 28.Qd2 Qe6 29.Rfb1 h5
30.Rb8+ Rxb8 31.Rxb8+ Kh7 32.Bc8 Qf6 33.Qxd5 Qf4 34.g3 Qf3+ 35.Kg1 h4 36.Rb3 Qe2
37.Re3  1-0

[Event "Lippstadt"]
[Site "Lippstadt"]
[Date "1997.??.??"]
[Round "7"]
[White "Luther, Thomas"]
[Black "McShane, Luke J"]
[Result "1-0"]
[WhiteElo "2525"]
[BlackElo "2455"]

1.e4 c5 2.Nf3 Nc6 3.d4 cxd4 4.Nxd4 g6 5.c4 Bg7 6.Be3 Nf6 7.Nc3 O-O 8.Be2 d6
9.O-O Nxd4 10.Bxd4 Be6 11.Re1 Qa5 12.Nd5 Bxd5 13.exd5 Rfe8 14.Bf1 a6 15.Re3 Nd7
16.Bxg7 Kxg7 17.Qd4+ Nf6 18.Rae1 b5 19.g4 h6 20.h4 Kf8 21.g5 hxg5 22.hxg5 Ng8
23.cxb5 axb5 24.b4 Qxa2 25.Bxb5 Rec8 26.Bc6 Rab8 27.b5 Qc2 28.Rf3 Rc7 29.Kg2 Rcb7
30.Rh1 Qc5 31.Rxf7+  1-0

[Event "Lippstadt"]
[Site "Lippstadt"]
[Date "1997.??.??"]
[Round "8"]
[White "McShane, Luke J"]
[Black "Homann, Stefan"]
[Result "1-0"]
[WhiteElo "2455"]
[BlackElo "2250"]

1.e4 Nf6 2.e5 Nd5 3.d4 d6 4.Nf3 dxe5 5.Nxe5 g6 6.Bc4 c6 7.Nd2 Nd7 8.Ndf3 Nxe5
9.Nxe5 Bg7 10.O-O O-O 11.c3 Be6 12.Qe2 Qc8 13.Re1 Nb6 14.Bb3 Bxb3 15.axb3 Nd7
16.Nd3 Re8 17.Bf4 c5 18.dxc5 Nxc5 19.Nxc5 Qxc5 20.Be3 Qd5 21.Qd1 Qb5 22.Bxa7 Red8
23.Be3 Rac8 24.Qc2 h5 25.Red1 Bf6 26.b4 Kg7 27.g3 e6 28.Qe4 Rd5 29.Rxd5 exd5
30.Qf3 d4 31.Bh6+ Kxh6 32.Qxf6 dxc3 33.bxc3 Qc4 34.Ra5 Qe2 35.h4 b6 36.Re5 Qd1+
37.Kh2 Rf8 38.Qxb6 Ra8 39.Qf6  1-0

[Event "Lippstadt"]
[Site "Lippstadt"]
[Date "1997.??.??"]
[Round "10"]
[White "McShane, Luke J"]
[Black "Stangl, Markus"]
[Result "1-0"]
[WhiteElo "2455"]
[BlackElo "2530"]

1.e4 c6 2.d4 d5 3.Nd2 dxe4 4.Nxe4 Bf5 5.Ng3 Bg6 6.h4 h6 7.Nh3 e6 8.Nf4 Bh7
9.Bc4 Nf6 10.c3 Bd6 11.Nfh5 O-O 12.Bg5 Nbd7 13.Qf3 Bxg3 14.Nxg3 hxg5 15.hxg5 Bg6
16.gxf6 Qxf6 17.Qg4 Rfd8 18.f4 c5 19.Qh3 Kf8 20.O-O Bf5 21.Nxf5 Qxf5 22.g4 Qf6
23.f5 Qg5 24.fxe6 Nf6 25.Rae1 fxe6 26.Re5 Qg6 27.Bd3  1-0

[Event "Lippstadt"]
[Site "Lippstadt"]
[Date "1997.??.??"]
[Round "11"]
[White "Matthias, Heiner"]
[Black "McShane, Luke J"]
[Result "0-1"]
[WhiteElo "2355"]
[BlackElo "2455"]

1.d4 Nf6 2.g3 g6 3.Bg2 Bg7 4.e4 d6 5.Nc3 O-O 6.Nge2 c6 7.O-O e5 8.a4 a5 9.h3 exd4
10.Nxd4 Nbd7 11.Nb3 Ne5 12.Re1 Re8 13.Rb1 d5 14.Bg5 h6 15.Bxf6 Qxf6 16.exd5 Bf5
17.dxc6 bxc6 18.Ne4 Qe7 19.Qd6 Qa7 20.Qc5 Qb8 21.Nd4 Nd7 22.Qc4 Nb6 23.Qd3 Nxa4
24.Nxc6 Qb6 25.Qd6 Bxe4 26.Rxe4 Rxe4 27.Bxe4 Kh7 28.c3 Re8 29.Bd5 Re2 30.Rf1 Rd2
31.c4 Qxb2 32.Qe7 Qf6 33.Qe8 h5 34.Ne7 Re2 35.Qxa4 Qxe7 36.Qxa5 Bd4 37.Bf3 Rxf2
38.Rxf2 Qe3 39.Qa2 Qxf3 40.Kf1 Qh1+ 41.Ke2 Bxf2 42.c5 Qe1+ 43.Kf3 Qe3+ 44.Kg2 Qxg3+
45.Kf1 Qxh3+ 46.Ke2 Qe3+ 47.Kf1 Kg7  0-1

[Event "London"]
[Site "London"]
[Date "1997.??.??"]
[Round "3"]
[White "Shaked, Tal"]
[Black "McShane, Luke J"]
[Result "1/2-1/2"]
[WhiteElo "2500"]
[BlackElo "2455"]

1.e4 c5 2.c3 d6 3.d4 Nf6 4.Bd3 Nc6 5.Nf3 Bg4 6.d5 Ne5 7.Nxe5 dxe5 8.Qxg4 Nxg4
9.Bb5+ Qd7 10.Bxd7+ Kxd7 11.Na3 Nf6 12.Nc4 Nxe4 13.Nxe5+ Ke8 14.Be3 Rc8 15.O-O-O g5
16.Rhe1 Nd6 17.Nd3 c4 18.Nb4 a5 19.Nc2 Kd7 20.a4 h6 21.Bb6 Bg7 22.Na3 Rhe8
23.Kc2 Bf8 24.b3 cxb3+ 25.Kxb3 Ra8 26.c4 Ra6 27.c5 e5 28.Nb5 Nxb5 29.axb5 Rxb6
30.cxb6 Bc5 31.Rd3 Bxf2 32.Re2 e4 33.Rh3 e3 34.Rxh6 Re4 35.Rf6 Ke7 36.Rf5 f6  1/2-1/2

[Event "London Agency"]
[Site "London"]
[Date "1997.??.??"]
[Round "3"]
[White "Stefanova, Antoaneta"]
[Black "McShane, Luke J"]
[Result "1/2-1/2"]
[WhiteElo "2410"]
[BlackElo "2400"]

1.d4 Nf6 2.Nf3 g6 3.Nc3 d5 4.Bf4 Bg7 5.e3 c6 6.Be2 Bg4 7.Ne5 Bxe2 8.Qxe2 Nbd7
9.h4 Ne4 10.Nxe4 Nxe5 11.Nd2 Nd7 12.Nf3 Qa5+ 13.c3 h5 14.Ne5 Bxe5 15.Bxe5 Nxe5
16.dxe5 Qa4 17.Qd3 Qg4 18.g3 Qf3 19.Rg1 O-O-O 20.Qd4 a6 21.Qf4 Qe4 22.O-O-O Qxf4
23.gxf4 e6 24.Rd2 b5 25.f3 Kd7 26.e4 Ke7 27.exd5 cxd5 28.Rd4 Rb8 29.Kc2 Rhc8
30.Kd2 a5 31.Ra1 Rc7 32.a3 Rbc8 33.Ke3 Rc4 34.Rad1 R4c7 35.Ra1 Rb8 36.Rad1 b4
37.axb4 axb4 38.Rxb4 Rxb4 39.cxb4 Rb7 40.Rd4 Kd7 41.f5 gxf5 42.Kf4 Ke7 43.Kg5 Rb8
44.b5 f6+ 45.exf6+ Kf7 46.Rb4 Rg8+ 47.Kf4 Kxf6 48.b6 e5+ 49.Ke3 f4+ 50.Kd3 Ke6
51.b7 Rb8 52.Rb6+ Kd7 53.b4 Kc7 54.Re6 Rxb7 55.Kc3 Ra7 56.Rxe5 Ra3+ 57.Kd4 Rxf3
58.Rxh5 Rh3 59.Kc5 f3 60.Rh7+ Kd8 61.Rf7 Rxh4 62.Rxf3 Rc4+ 63.Kd6 Kc8  1/2-1/2

[Event "London"]
[Site "London"]
[Date "1997.??.??"]
[Round "5"]
[White "McDonald, Neil R"]
[Black "McShane, Luke J"]
[Result "1-0"]
[WhiteElo "2490"]
[BlackElo "2455"]

1.e4 c5 2.c3 d6 3.d4 Nf6 4.Bd3 g6 5.h3 cxd4 6.cxd4 e5 7.dxe5 dxe5 8.Nf3 Nc6
9.O-O Bg7 10.Nc3 O-O 11.Bc4 b6 12.b3 h6 13.Ba3 Re8 14.Nb5 Bf8 15.Bxf8 Rxf8
16.Qc1 Kh7 17.Bd5 Nxd5 18.Qxc6 Ba6 19.Rfd1 Nb4 20.Rxd8 Nxc6 21.Rxa8 Rxa8
22.Nc7  1-0

[Event "London Agency"]
[Site "London"]
[Date "1997.??.??"]
[Round "7"]
[White "McShane, Luke J"]
[Black "Forster, Richard"]
[Result "0-1"]
[WhiteElo "2400"]
[BlackElo "2365"]

1.e4 c5 2.Nf3 d6 3.d4 cxd4 4.Nxd4 Nf6 5.Nc3 a6 6.Be3 e5 7.Nb3 Be7 8.f3 Be6
9.Qd2 h5 10.Be2 Nbd7 11.O-O Rc8 12.a4 O-O 13.Rfc1 Nc5 14.Nxc5 dxc5 15.Qe1 c4
16.Rd1 Qa5 17.Bf1 Bc5 18.Kf2 Rfd8 19.Bxc5 Qxc5+ 20.Qe3 Qb4 21.Rxd8+ Rxd8
22.Rd1 Rxd1 23.Nxd1 Qxa4 24.Qc3 Nd7 25.Ne3 b5 26.g3 Qa1 27.f4 exf4 28.gxf4 Nf6
29.Bg2 Ng4+ 30.Nxg4 Bxg4 31.h3 Bd1 32.Qd2 Qb1 33.c3 Kh7 34.e5 Bc2 35.Ke3 Bf5
36.Kf2 Be4 37.Bf1 h4 38.Qe2 Kg8 39.Qd2 Kh7 40.Qe2 g6 41.Qg4 Qxb2+ 42.Ke3 Qxc3+
43.Kxe4 Qe1+ 44.Kd5 c3 45.f5 Qd2+ 46.Ke4 c2 47.fxg6+ fxg6 48.Qxh4+ Kg8 49.Qe7 Qe1+
50.Kd5 Qd1+ 51.Ke6 c1=Q 52.Qf7+ Kh8 53.Qf8+ Kh7 54.Qf7+ Kh6  0-1

[Event "Hastings Premier 9798"]
[Site "Hastings"]
[Date "1998.01.04"]
[Round "6"]
[White "McShane, Luke J"]
[Black "Relange, Eloi"]
[Result "0-1"]
[WhiteElo "2455"]
[BlackElo "2505"]

1.e4 c5 2.Nf3 d6 3.d4 cxd4 4.Nxd4 Nf6 5.Nc3 g6 6.Bc4 Bg7 7.O-O Nc6 8.Re1 O-O
9.h3 Nxd4 10.Qxd4 a6 11.Bb3 b5 12.e5 dxe5 13.Qxe5 Ra7 14.Bg5 Rd7 15.Rad1 h6
16.Bxf6 Bxf6 17.Rxd7 Qxd7 18.Qg3 e6 19.Ne4 Bg7 20.c3 Qc6 21.h4 Rd8 22.h5 g5
23.Nxg5 hxg5 24.Qxg5 f6 25.Qg4 Kh8 26.Re3 Qe8 27.h6 Bf8 28.Bc2 Qf7 29.Bg6 f5
30.Qh5 Qd7 31.Rf3 Bb7 32.Bf7 Qd1+ 33.Kh2 Bd6+ 34.Rg3 Qxh5+  0-1

[Event "Hastings Premier 9798"]
[Site "Hastings"]
[Date "1998.01.05"]
[Round "7"]
[White "Ward, Christopher"]
[Black "McShane, Luke J"]
[Result "1/2-1/2"]
[WhiteElo "2505"]
[BlackElo "2455"]

1.d4 Nf6 2.c4 g6 3.Nc3 Bg7 4.e4 d6 5.f3 O-O 6.Be3 e5 7.Nge2 c6 8.Qd2 Nbd7
9.O-O-O a6 10.Kb1 b5 11.d5 cxd5 12.Nxd5 Nxd5 13.Qxd5 Nb6 14.Bxb6 Qxb6 15.Qxd6 Qxd6
16.Rxd6 bxc4 17.Nc3 Be6 18.Nd5 Bxd5 19.Rxd5 Rfc8 20.Kc2 Rc6 21.Kc3 Rac8 22.Be2 Bf6
23.Rhd1 Be7 24.Rd7 Bc5 25.R1d5 Bd4+ 26.Kc2 a5 27.Rd8+ Rxd8 28.Rxd8+ Kg7 29.Ra8 Rc5
30.Ra6 h5 31.a4 Bg1 32.Kc3 Bd4+ 33.Kc2 Bg1 34.Kc3 Bd4+  1/2-1/2

[Event "Hastings Premier 9798"]
[Site "Hastings"]
[Date "1998.01.07"]
[Round "9"]
[White "Sadler, Matthew"]
[Black "McShane, Luke J"]
[Result "1/2-1/2"]
[WhiteElo "2665"]
[BlackElo "2455"]

1.d4 Nf6 2.c4 g6 3.Nc3 Bg7 4.e4 d6 5.Nf3 O-O 6.Be2 e5 7.d5 a5 8.Bg5 h6 9.Bh4 g5
10.Bg3 Nh5 11.h4 g4 12.Nd2 Nxg3 13.fxg3 h5 14.O-O Na6 15.Kh2 Nc5 16.Nb3 b6
17.Bd3 Nxd3 18.Qxd3 Bh6 19.Kg1 Qe7 20.Rf2  1/2-1/2

[Event "Masters"]
[Site "Bunratty"]
[Date "1998.02.22"]
[Round "4"]
[White "O'Donovan, Richard"]
[Black "McShane, Luke J"]
[Result "0-1"]
[WhiteElo "2230"]
[BlackElo "2490"]

1.e4 c5 2.Nf3 d6 3.d4 cxd4 4.Nxd4 Nf6 5.Nc3 a6 6.Be2 e5 7.Nf3 Be7 8.O-O h6
9.h3 O-O 10.a4 Be6 11.Be3 Nbd7 12.Qd2 Rc8 13.Rfd1 Re8 14.a5 Rc6 15.Ne1 Qc8
16.Bf3 Rc4 17.Ra4 Rxa4 18.Nxa4 Qc6 19.Nc3 Nc5 20.Bxc5 Qxc5 21.Nd5 Nxd5 22.exd5 Bg5
23.b4 Qc7 24.Qe2 Bd7 25.c4 Ba4 26.Rb1 Rc8 27.Qa2 Bd7 28.Be2 e4 29.Nc2 Qd8
30.Qb3 Bf4 31.Ne3 Qg5 32.Kf1 h5 33.Rc1 Bh2 34.Qd1 Bxh3 35.Bxh5 Bd7 36.Be2 f5
37.c5 Bf4 38.Qd2 Qh4 39.Ke1 Qh1+ 40.Bf1 Bb5 41.cxd6 Qxf1+ 42.Nxf1 Rxc1+  0-1

[Event "Masters"]
[Site "Bunratty"]
[Date "1998.02.23"]
[Round "5"]
[White "McShane, Luke J"]
[Black "O'Cinneide, Mel"]
[Result "1-0"]
[WhiteElo "2490"]
[BlackElo "2285"]

1.e4 d5 2.exd5 Qxd5 3.Nc3 Qa5 4.d4 Nf6 5.Bc4 Nc6 6.d5 Ne5 7.Bb3 Bg4 8.f3 Bd7
9.Qd4 Ng6 10.Bd2 Qb6 11.Nge2 O-O-O 12.O-O-O Qxd4 13.Nxd4 Nh4 14.g3 Nf5 15.Nxf5 Bxf5
16.g4 Bd7 17.Rhe1 h5 18.g5 Ne8 19.Ne4 Nd6 20.Nxd6+ exd6 21.g6 f6 22.c4 Re8
23.Rxe8+ Bxe8 24.Bc2 Bd7 25.Re1 Kd8 26.Be3 a6 27.f4 Be7 28.f5 h4 29.h3 Rh5
30.Rf1 Ke8 31.Kd2 Bd8 32.a4 Kf8 33.b4 c6 34.Kc3 cxd5 35.cxd5 b5 36.a5 Be7
37.Kd4 Ke8 38.Ke4 Bc8 39.Bd1 Rh8 40.Rf4 Kd7 41.Bf2 Bb7 42.Bf3 Rc8 43.Rxh4 Rc2
44.Bd4 Rc4 45.Rh7 Bf8 46.h4 Rxb4 47.h5 Rb1 48.h6 Re1+ 49.Kf4 Re7 50.Bxf6 gxf6
51.g7  1-0

[Event "Masters"]
[Site "Bunratty"]
[Date "1998.02.23"]
[Round "6"]
[White "Brady, Stephen"]
[Black "McShane, Luke J"]
[Result "0-1"]
[WhiteElo "2345"]
[BlackElo "2490"]

1.e4 c5 2.c3 Nf6 3.e5 Nd5 4.d4 cxd4 5.Nf3 Nc6 6.Bc4 e6 7.O-O Be7 8.cxd4 d6
9.exd6 Qxd6 10.Nc3 Nxc3 11.bxc3 O-O 12.Re1 b6 13.Qd3 Bb7 14.Bb3 Rfe8 15.Ng5 Bxg5
16.Bxg5 Ne7 17.Qg3 Qd7 18.Bc2 Rac8 19.Re3 Nd5 20.Rf3 f5 21.Bb3 b5 22.Re1 a5
23.Rd3 Nb6 24.Qe5 Bd5 25.Rg3 a4 26.Bd1 Nc4 27.Qf4 e5 28.dxe5 Nxe5 29.Be2 Bc4
30.Rd1 Qf7 31.Bxc4 Rxc4 32.Qd2 f4 33.Rh3 Qf5 34.Qd5+ Kh8 35.Qxb5 Nf3+  0-1

[Event "BCF-chT 97/98 (4NCL)"]
[Site "GBR"]
[Date "1998.05.23"]
[Round "9"]
[White "McShane, Luke J"]
[Black "Levitt, Jonathan"]
[Result "1/2-1/2"]
[WhiteElo "2490"]
[BlackElo "2425"]

1.e4 e6 2.d4 d5 3.Nd2 c5 4.exd5 Qxd5 5.Ngf3 cxd4 6.Bc4 Qd6 7.O-O Nf6 8.Nb3 Nc6
9.Nbxd4 Nxd4 10.Nxd4 a6 11.Re1 Qc7 12.Bb3 Bd6 13.Nf5 Bxh2+ 14.Kh1 O-O 15.Nxg7 Rd8
16.Qf3 Kxg7 17.Bh6+ Kg6 18.c3 Nh5 19.Bc1 Bf4 20.g4 Ng3+ 21.fxg3 Bxc1 22.Raxc1 b6
23.Bc2+ Kg7 24.Be4 Rb8 25.Rc2 Bb7 26.Rh2 Bxe4 27.Qxe4 Qb7 28.Rxh7+ Kg8 29.Qxb7 Rxb7
30.Rh2 Rd3 31.Kg2 Rbd7 32.Re2 b5 33.Rh1 Rd2 34.Kf2 R7d3 35.Re1 Kg7 36.Rxd2 Rxd2+
37.Re2 Rd3 38.Re3 Rd2+ 39.Re2 Rd3 40.Kg2 Kf6 41.Rf2+ Kg6 42.Kh3 f6 43.Rc2 e5
44.c4 bxc4 45.Rxc4 Rd2 46.Rb4 a5 47.Ra4 Rxb2 48.Rxa5 e4 49.Ra7 e3 50.Re7 Rxa2
51.Rxe3 Rb2 52.Rf3 Ra2 53.Re3 Rb2 54.Rf3 Ra2 55.Rb3 Rc2 56.Ra3  1/2-1/2

[Event "Politiken Cup"]
[Site "Copenhagen"]
[Date "1998.07.13"]
[Round "9"]
[White "Stefansson, Hannes"]
[Black "McShane, Luke J"]
[Result "1-0"]
[WhiteElo "2540"]
[BlackElo "2490"]

1.e4 c5 2.Nf3 Nc6 3.Bb5 g6 4.O-O Bg7 5.Bxc6 dxc6 6.d3 e5 7.Be3 b6 8.Nbd2 f6
9.a3 Nh6 10.h3 Qe7 11.b4 cxb4 12.axb4 Qxb4 13.c3 Qxc3 14.Qb1 c5 15.Nc4 b5
16.Qxb5+ Bd7 17.Qxc5 Qb3 18.Rfb1 Qxd3 19.Rd1 Qb3 20.Rxd7 Kxd7 21.Qd6+ Ke8
22.Qc6+ Kf7 23.Qd5+ Ke7 24.Bc5+  1-0

[Event "Politiken Cup"]
[Site "Copenhagen"]
[Date "1998.07.15"]
[Round "11"]
[White "Sandstrom, Ludvig"]
[Black "McShane, Luke J"]
[Result "1/2-1/2"]
[WhiteElo "2325"]
[BlackElo "2490"]

1.c4 g6 2.Nc3 Bg7 3.g3 d6 4.Bg2 e5 5.d3 Nc6 6.Rb1 f5 7.e3 Nf6 8.Nge2 Be6
9.Nd5 O-O 10.O-O Rb8 11.b3 Ne7 12.Nxf6+ Bxf6 13.Bb2 c6 14.f4 Qd7 15.Qc2 Bf7
16.Rbe1 Bg7 17.Bc3 b5 18.Rd1 Qc7 19.Qd2 a6 20.Kh1 c5 21.e4 Be6 22.exf5 gxf5
23.fxe5 dxe5 24.Qe3 Qd6 25.Rfe1 Bf7 26.Ng1 Nc6 27.Qf3 Ne7 28.Qe3 Nc6 29.Qg5 Bg6
30.Nf3 Bf6 31.Qc1 Rbe8 32.Nh4 Bxh4 33.gxh4 b4 34.Bb2 f4 35.Bd5+ Bf7 36.Be4 Bh5
37.Rg1+ Kh8 38.Rdf1 Nd4 39.Rg5 Be2 40.Rf2 f3 41.Qg1 Qf6 42.Bc1 Rg8 43.Qg4 Rg7
44.Rxg7 Qxg7 45.Qh5 Re6 46.Bg5 h6 47.h3 a5 48.Kh2 Qf8 49.Be3 Qf6 50.Qg4 Re8
51.Qd7 Qe7 52.Qxe7 Rxe7 53.Bxh6 a4 54.Bf8 axb3 55.axb3 Rf7 56.Bxc5 Nxb3 57.Bxb4 Nc1
58.Bc3 Nxd3 59.Bxd3 Bxd3 60.Bxe5+ Kh7 61.c5 Be4 62.Kg3 Kg6 63.Bd4 Kf5 64.Rd2 Rf8
65.Kf2  1/2-1/2

[Event "Hans & Lenze"]
[Site "Lippstadt"]
[Date "1998.07.30"]
[Round "1"]
[White "Claesen, Pieter"]
[Black "McShane, Luke J"]
[Result "0-1"]
[WhiteElo "2430"]
[BlackElo "2490"]

1.d4 Nf6 2.Nc3 d5 3.Bg5 g6 4.Bxf6 exf6 5.e3 c6 6.Bd3 f5 7.Nce2 Nd7 8.c4 dxc4
9.Bxc4 b5 10.Bd3 Bb7 11.Nf3 a6 12.a4 Bd6 13.Nc3 O-O 14.O-O Re8 15.Rc1 Nf6
16.Qb3 Qe7 17.Rfe1 b4 18.Nb1 Ne4 19.Nbd2 c5 20.Nc4 Bd5 21.Qd1 Bc7 22.Nce5 Red8
23.Bc4 cxd4 24.exd4 Bb6 25.Bxd5 Rxd5 26.Qb3 Rd6 27.Qxb4 Bxd4 28.Rxe4 fxe4
29.Nc6 Rxc6  0-1

[Event "Hans & Lenze"]
[Site "Lippstadt"]
[Date "1998.07.31"]
[Round "2"]
[White "McShane, Luke J"]
[Black "Matthias, Heiner"]
[Result "1-0"]
[WhiteElo "2490"]
[BlackElo "2355"]

1.e4 c5 2.Nf3 d6 3.d4 cxd4 4.Nxd4 Nf6 5.Nc3 e6 6.Be3 a6 7.Qd2 Be7 8.f3 Nc6
9.O-O-O O-O 10.g4 Nxd4 11.Bxd4 b5 12.Kb1 Bb7 13.g5 Nd7 14.h4 Re8 15.a3 Bc6
16.Bd3 Bf8 17.h5 Ne5 18.Be2 Rb8 19.f4 Nc4 20.Bxc4 bxc4 21.Ka1 Qa5 22.h6 e5
23.hxg7 Bxg7 24.Ba7 exf4 25.Bxb8 Rxb8 26.Rh3 Be5 27.Rb1 Bd7 28.Rf3 Bc6 29.Rh3 Bd7
30.Rf3 Bc6 31.Ka2 Qb6 32.Rxf4 Bxf4 33.Qxf4 Qc5 34.Qf6 Qe5 35.Rd1 Qxf6 36.gxf6 Rd8
37.Rd4 h5 38.Rxc4 Bd7 39.Nd5 Be6 40.b3 Kh7 41.Rd4 Kg6 42.Nf4+ Kxf6 43.Nxh5+ Ke5
44.Ra4 Bc8 45.Kb2 Bb7 46.Ng3 Rh8 47.Nf5 Rh3 48.Ra5+ Ke6 49.Nd4+ Ke7 50.e5 dxe5
51.Rxe5+ Kd6 52.Rf5 Ke7 53.a4 Rh2 54.Kc3 Rg2 55.Kc4 f6 56.c3 Rg5 57.Rf4 Bd5+
58.Kb4 a5+ 59.Kxa5 Bxb3+ 60.Nb5 Bd1 61.Rd4 Bf3 62.c4 f5 63.c5 Rg7 64.Kb6 Rg6+
65.Nd6 Rf6 66.Rf4 Be4 67.a5 Ke6 68.a6 Ke5 69.Rf1 Ba8 70.Re1+ Kd4 71.Re8 Bd5
72.a7 f4 73.Rd8 f3 74.c6 f2 75.a8=Q f1=Q 76.Nb5+ Ke5 77.Qb8+ Ke4 78.Nc3+ Kd3
79.Rxd5+ Kxc3 80.Qe5+ Kc2 81.Qe4+ Kc3 82.Qd4+ Kc2 83.Qd2+ Kb3 84.Rd3+  1-0

[Event "Hans & Lenze"]
[Site "Lippstadt"]
[Date "1998.08.03"]
[Round "5"]
[White "Bunzmann, Dimitrij"]
[Black "McShane, Luke J"]
[Result "1-0"]
[WhiteElo "2390"]
[BlackElo "2490"]

1.d4 Nf6 2.Nf3 g6 3.g3 Bg7 4.Bg2 O-O 5.O-O d6 6.c4 Nc6 7.d5 Na5 8.Nbd2 c5
9.e4 b5 10.cxb5 a6 11.bxa6 Bxa6 12.Re1 Qb6 13.Qc2 c4 14.Nf1 Nd7 15.Rb1 Nc5
16.Be3 Rfc8 17.Red1 Qb5 18.Nd4 Qa4 19.Rdc1 Rab8 20.Bh3 Rc7 21.Qxa4 Nxa4 22.b3 Bxd4
23.Bxd4 Rcb7 24.Nd2 cxb3 25.axb3 Nxb3 26.Nxb3 Rxb3 27.Rxb3 Rxb3 28.Bf1 Rb4
29.Ba1 Bb7 30.f3 Nc5 31.g4 f5 32.gxf5 gxf5 33.Bc3 Ra4 34.Bb5 Ra2 35.Bc4 Ra4
36.Bb5 Ra8 37.Bb4 Ba6 38.Bc6 Rf8 39.Bxc5 dxc5 40.Rxc5 fxe4 41.fxe4 Rf1+ 42.Kg2 Re1
43.d6 exd6 44.Rd5 Re2+ 45.Kg3 Re3+ 46.Kf4 Rd3 47.Ra5 Bc4 48.Kg5 Rh3 49.Kf6 Rh6+
50.Ke7 Bf7 51.Rf5 Bg6 52.Rf2 Bh5 53.Bd5+ Kg7 54.Be6 Bg6 55.Rg2 Rh4 56.Bf5 Rf4
57.Kxd6 Rf1 58.Bxg6 Rf6+ 59.Ke7 hxg6 60.e5 Ra6 61.Rd2 Ra7+ 62.Rd7 Ra2 63.Ke8+ Kh6
64.Rd6 Rxh2 65.Kf7 Rg2 66.Rf6 Kh5 67.e6 Ra2 68.Rxg6 Ra7+ 69.Kf6 Ra1 70.Rg5+ Kh6
71.e7 Ra6+ 72.Kf7 Kxg5 73.e8=Q Rf6+ 74.Kg7 Rf3 75.Qe5+ Kg4 76.Kg6 Rf4 77.Qe2+ Kg3
78.Kg5 Rf3 79.Qe1+ Kh3 80.Qh1+ Kg3 81.Qg1+ Kh3 82.Qg4+  1-0

[Event "Hans & Lenze"]
[Site "Lippstadt"]
[Date "1998.08.06"]
[Round "8"]
[White "Giorgadze, Giorgi"]
[Black "McShane, Luke J"]
[Result "1/2-1/2"]
[WhiteElo "2605"]
[BlackElo "2490"]

1.d4 Nf6 2.c4 g6 3.Nc3 Bg7 4.e4 d6 5.Nf3 O-O 6.Be2 e5 7.Be3 Ng4 8.Bg5 f6
9.Bh4 Nc6 10.d5 Ne7 11.Nd2 Nh6 12.f3 g5 13.Bf2 f5 14.O-O b6 15.b4 Ng6 16.g3 fxe4
17.Ncxe4 Nf5 18.Nb3 Qe7 19.a4 Nd4 20.Nxd4 exd4 21.Bxd4 Bxd4+ 22.Qxd4 Bf5
23.Rae1 Bxe4 24.Bd1 Qf6 25.Qxf6 Rxf6 26.Rxe4 Raf8 27.Kg2 Kg7 28.Be2 Ne5 29.Re3 h6
30.Rc1 Rb8 31.a5 Rf7 32.Ra1 Rbf8 33.Raa3 Rb8 34.Rab3 Nd7 35.Ra3 Ne5 36.Ra2 Nd7
37.axb6 axb6 38.Re4 Nf6 39.Re6 b5 40.Rb2 bxc4 41.Bxc4 Nd7 42.Re4 Rbf8 43.Be2 Nf6
44.Rd4 Re8 45.Rbd2 Re5 46.Bd1 Rfe7 47.Kf2 Rf5 48.R2d3 h5 49.Kg2 Re1 50.f4 Ng4
51.Bf3 gxf4 52.Rxf4 Rxf4 53.gxf4 Kg6 54.h3 Nf6 55.Kf2 Rc1 56.Be2 Ne4+ 57.Ke3 Ng3
58.Bd1 Nf5+ 59.Kf3 Rb1 60.Ba4 Kf6 61.Be8 h4 62.Bd7 Rxb4 63.Kg4 Ne7 64.Kxh4 Ng6+
65.Kg3 Nxf4 66.Rf3 Ke5 67.h4 Nh5+ 68.Kh3 Nf4+ 69.Kg3 Nxd5 70.Rf5+ Kd4 71.h5 Rb1
72.h6 Rg1+ 73.Kf2 Rh1 74.Bc6 Rh2+ 75.Kg3 Rxh6 76.Rxd5+ Kc4 77.Ra5 Rf6 78.Kg4 Kb4
79.Rb5+ Kc4 80.Kg5 Rf8 81.Rb7 Kc5 82.Bd7 d5 83.Kg6 Kd6 84.Bf5 c5 85.Kg5 Ke5
86.Re7+ Kd4 87.Rd7 Ke5 88.Re7+ Kd4 89.Kf4 c4 90.Rc7 c3 91.Rc6 Rf7 92.Rc8 Rf6
93.Rc7  1/2-1/2

[Event "Bundesliga 9899"]
[Site "Germany"]
[Date "1998.12.12"]
[Round "5.1"]
[White "Eingorn, Vereslav S"]
[Black "McShane, Luke J"]
[Result "1-0"]
[WhiteElo "2605"]
[BlackElo "2490"]

1.c4 Nf6 2.Nc3 g6 3.g3 Bg7 4.Bg2 O-O 5.d4 d6 6.h3 Nc6 7.e3 Rb8 8.Nge2 a6
9.b3 Bd7 10.d5 Na5 11.a4 c6 12.O-O cxd5 13.cxd5 b5 14.axb5 axb5 15.Nd4 b4
16.Na2 e5 17.dxe6 fxe6 18.Rb1 e5 19.Nc2 Bf5 20.e4 Be6 21.Ncxb4 Qd7 22.Bg5 Rb5
23.Bxf6 Bxf6 24.Nd5 Bxd5 25.exd5 e4 26.b4 Nc4 27.Qe2 Nb6 28.Qxe4 Rxd5 29.Qe3 Rd4
30.Rbd1 Nc4 31.Qb3 d5 32.Rxd4 Bxd4 33.Qd3 Bxf2+ 34.Rxf2 Rxf2 35.Bxd5+ Kg7
36.Kxf2 Qa7+ 37.Kf1  1-0

[Event "Bundesliga 9899"]
[Site "Germany"]
[Date "1998.12.13"]
[Round "6.1"]
[White "McShane, Luke J"]
[Black "Lutz, Christopher"]
[Result "1-0"]
[WhiteElo "2470"]
[BlackElo "2600"]

1.e4 c5 2.Nf3 d6 3.d4 cxd4 4.Nxd4 Nf6 5.Nc3 a6 6.Be3 e6 7.Qd2 Be7 8.f3 Nc6
9.O-O-O O-O 10.g4 Nxd4 11.Bxd4 b5 12.h4 Bb7 13.g5 Nd7 14.Kb1 Rc8 15.a3 Ne5
16.Be2 Nc6 17.Be3 b4 18.axb4 Nxb4 19.h5 Qa5 20.h6 g6 21.Qd4 e5 22.Qb6 Qxb6
23.Bxb6 Bxg5 24.Rxd6 Rfe8 25.Rd7 Re7 26.Rd8+ Re8 27.Rd7 Re7 28.Rxe7 Bxe7
29.Rd1 Bg5 30.Nd5 Nc6 31.Bc4 Kf8 32.Nc7 Nd4 33.Bd5 Nc6 34.Be6 Rd8 35.Bd5 Rd7
36.Rd3 Bd8 37.Bc5+ Be7 38.Bb6 Bd8 39.Bc5+ Be7 40.Bxc6 Rxd3 41.Bxe7+ Kxe7
42.Bxb7 Rxf3 43.Nd5+ Kd6 44.Bxa6 f5 45.Nf6 Rh3 46.b4 f4 47.b5 Kc7 48.Nd5+ Kb8
49.c4 f3 50.c5 f2 51.b6 Rh1+ 52.Kb2 f1=Q 53.Bxf1 Rxf1 54.c6 g5 55.Nb4 Rf8
56.Na6+ Ka8 57.Nc5 Rb8 58.b7+ Ka7 59.Kc3 Kb6 60.Nd7+ Kxc6 61.Nxb8+ Kc7 62.Nd7  1-0

[Event "Rilton Cup 9899"]
[Site "Stockholm"]
[Date "1998.12.30"]
[Round "3"]
[White "Yakovich, Yuri"]
[Black "McShane, Luke J"]
[Result "1-0"]
[WhiteElo "2560"]
[BlackElo "2470"]

1.d4 d5 2.c4 c6 3.Nf3 Nf6 4.Qc2 g6 5.Bf4 Bg7 6.e3 O-O 7.Nc3 Be6 8.Qb3 dxc4
9.Bxc4 Bxc4 10.Qxc4 Nd5 11.Be5 Na6 12.O-O Nb6 13.Qb3 c5 14.Bxg7 Kxg7 15.Rfd1 cxd4
16.Nxd4 Qc7 17.Ncb5 Qc4 18.Qxc4 Nxc4 19.b3 Nb6 20.Rac1 Kf6 21.a3 Rfd8 22.b4 e5
23.Nb3 Nc4 24.Kf1 Rxd1+ 25.Rxd1 Ke7 26.Ke2 f6 27.g4 h6 28.h4 Ke6 29.Nc5+ Nxc5
30.Nc7+ Ke7 31.Nxa8 Ne6 32.a4 Nd6 33.b5 b6 34.a5 bxa5 35.b6 axb6 36.Nxb6 f5
37.gxf5 Nxf5 38.Rd5 Nfd4+ 39.Kf1 Nf3 40.Rxa5  1-0

[Event "Bundesliga 9798"]
[Site "Germany"]
[Date "1998.??.??"]
[Round "?.1"]
[White "Georgiev, Kiril"]
[Black "McShane, Luke J"]
[Result "1-0"]
[WhiteElo "2670"]
[BlackElo "2455"]

1.e4 c5 2.Nf3 d6 3.d4 cxd4 4.Nxd4 Nf6 5.Nc3 a6 6.Be2 e5 7.Nb3 Be7 8.O-O O-O
9.Be3 Be6 10.Qd2 Nbd7 11.a4 Qc7 12.a5 Qc6 13.Bf3 h6 14.Nd5 Bxd5 15.exd5 Qc4
16.Rfd1 Rac8 17.Rac1 Ne4 18.Qd3 Qxd3 19.cxd3 Ng5 20.Bg4 Rxc1 21.Rxc1 Nf6
22.Bc8 Nxd5 23.Bxb7 Nb4 24.d4 Rb8 25.Rc8+ Rxc8 26.Bxc8 Ne4 27.f3 exd4 28.Nxd4 Nc5
29.Nf5 Bd8 30.Nxd6 Ncd3 31.Nc4 Bf6 32.Bd2 Kf8 33.Kf1 Ke7 34.Ke2 g6 35.Bxa6  1-0